00269nam a2200121Ia 4500100002800000250000600028654001300034245002500047260003900072082001500111300000900126546001200135 aMurray/W.H/ Pappas/C.H  a2 aComputer aVisuals C++ Handbook bTata Mc Graw hillaNew Delhic1997 a5.132bMUR a1096 aENGLISH